| 000 | 00666nam a22001937a 4500 | ||
|---|---|---|---|
| 005 | 20251108174650.0 | ||
| 008 | 250721s2008 xx 000 0 ara d | ||
| 082 | 1 | 4 | _a811.3/علي |
| 100 | 1 |
_aالإمام علي بن ابي طالب، _eمؤلف |
|
| 245 | 1 | 0 | _aديوان الإمام علي : الإمام علي بن أبي طالب كرم الله و جهه / |
| 250 | _aط.2 | ||
| 264 | 1 |
_aالمنصورة : _bدار اليقين للنشر و التوزيع، _c2008. |
|
| 300 | _a160 ص. | ||
| 650 | 1 | 7 | _aالشعر العربي |
| 650 | 1 | 7 | _aعصر الاسلام |
| 700 | 1 | _aالفقي، سعد كريم | |
| 942 |
_2ddc _cBK |
||
| 999 |
_c114874 _d114874 |
||